[Event "13th Foxwoods Open"]
[Site "Mashantucket, CT"]
[Date "2019.04.19"]
[Round "5"]
[White "Niemann, Hans"]
[Black "Sandler, Leonid"]
[Result "1-0"]
[WhiteElo "2477"]
[BlackElo "2223"]
[PlyCount "119"]
[EventDate "2019.04.??"]
[EventType "swiss"]
[EventRounds "9"]
[EventCountry "USA"]

1. d4 d5 2. c4 e6 3. Nc3 Be7 4. Nf3 Nf6 5. Bg5 O-O 6. e3 h6 7. Bh4 Ne4 8. Bxe7
Qxe7 9. Qc2 c6 10. Bd3 Nxc3 11. Qxc3 Nd7 12. O-O Re8 13. e4 dxc4 14. Bxc4 e5
15. Rfe1 exd4 16. Nxd4 Nb6 17. Bb3 Bd7 18. Rac1 Rac8 19. e5 Nd5 20. Qd3 Qg5 21.
Qg3 Qxg3 22. hxg3 Nc7 23. f4 g6 24. Ne2 Be6 25. Nc3 Bxb3 26. axb3 Red8 27. Red1
Kf8 28. Ne4 Nb5 29. Re1 b6 30. Re3 h5 31. e6 fxe6 32. Ng5 Nd4 33. Nxe6+ Nxe6
34. Rxe6 Kf7 35. Rexc6 Rxc6 36. Rxc6 Rd2 37. Rc7+ Kf6 38. Rxa7 Rxb2 39. Ra3 Kf5
40. Kh2 Kg4 41. Ra8 Rxb3 42. Rg8 Kf5 43. Rf8+ Ke6 44. Kh3 b5 45. Rb8 Rb1 46. g4
b4 47. Rb6+ Kf7 48. Kh4 hxg4 49. Kg5 Rg1 50. Rb7+ Ke6 51. Kxg6 Rxg2 52. f5+ Ke5
53. Rb5+ Kf4 54. Rxb4+ Kf3 55. Kg5 g3 56. Rb3+ Ke4 57. f6 Rg1 58. Kg6 g2 59.
Rg3 Kf4 60. Rg5 1-0

[Event "13th Foxwoods Open"]
[Site "Mashantucket, CT"]
[Date "2019.04.19"]
[Round "5"]
[White "Arvind, C.J."]
[Black "Katz, Alexander"]
[Result "1/2-1/2"]
[WhiteElo "2211"]
[BlackElo "2444"]
[PlyCount "113"]
[EventDate "2019.04.??"]
[EventType "swiss"]
[EventRounds "9"]
[EventCountry "USA"]

1. d4 d6 2. Nf3 g6 3. c4 Bg7 4. Nc3 f5 5. e4 fxe4 6. Nxe4 Nf6 7. Nxf6+ exf6 8.
Be2 O-O 9. Be3 c6 10. h3 Nd7 11. Qd2 f5 12. O-O Nf6 13. Rad1 Ne4 14. Qc1 Qf6
15. Ng5 Bd7 16. Nxe4 fxe4 17. Bg5 Qf7 18. Bh6 Rae8 19. Bxg7 Qxg7 20. Qe3 g5 21.
Qa3 g4 22. Bxg4 Bxg4 23. hxg4 Rf4 24. Qxd6 Rxg4 25. g3 h5 26. Rfe1 e3 27. Rxe3
Rxe3 28. fxe3 Rxg3+ 29. Kh2 Rg4 30. Qe6+ Kh7 31. Qf5+ Kh6 32. Qe6+ Rg6 33. Qe5
Rg2+ 34. Kh1 Qxe5 35. dxe5 Rxb2 36. Rf1 Rxa2 37. Rf7 b6 38. Rf6+ Kg5 39. Rxc6
Kf5 40. e6 Re2 41. Rc7 Rxe3 42. Rxa7 Rxe6 43. Rc7 Rd6 44. c5 Rd1+ 45. Kg2 b5
46. Rb7 Rb1 47. c6 Ke6 48. Rh7 b4 49. Rxh5 Kd6 50. Rc5 Kc7 51. Rc4 b3 52. Rc3
b2 53. Rb3 Kxc6 54. Rb8 Kd7 55. Rb3 Kc7 56. Rb4 Kd6 57. Rb8 1/2-1/2

[Event "13th Foxwoods Open"]
[Site "Mashantucket, CT"]
[Date "2019.04.19"]
[Round "5"]
[White "Chasin, Nico"]
[Black "Ippolito, Dean"]
[Result "0-1"]
[WhiteElo "2208"]
[BlackElo "2339"]
[PlyCount "64"]
[EventDate "2019.04.??"]
[EventType "swiss"]
[EventRounds "9"]
[EventCountry "USA"]

1. d4 d5 2. c4 e6 3. Nc3 Be7 4. cxd5 exd5 5. Bf4 c6 6. e3 Bf5 7. Bd3 Bxd3 8.
Qxd3 Nf6 9. h3 Bd6 10. Bxd6 Qxd6 11. Nf3 Nbd7 12. O-O O-O 13. Rab1 a5 14. a4
Rfe8 15. Nd2 Re6 16. Rfe1 Nb6 17. b3 Qe7 18. f3 Nh5 19. Nf1 Re8 20. Na2 Nc8 21.
Qd2 Nd6 22. g4 Nf4 23. Qh2 Ng6 24. f4 f5 25. g5 Ne4 26. h4 Nxh4 27. Qh3 Rg6 28.
Nh2 Nxg5 29. fxg5 Rxg5+ 30. Kf1 Qe4 31. Rb2 Qh1+ 32. Ke2 Qg2+ 0-1

[Event "13th Foxwoods Open"]
[Site "Mashantucket, CT"]
[Date "2019.04.19"]
[Round "5"]
[White "Mishra, Abhimanyu"]
[Black "Thomforde-Toates, Noah"]
[Result "1-0"]
[WhiteElo "2251"]
[BlackElo "1916"]
[PlyCount "113"]
[EventDate "2019.04.??"]
[EventType "swiss"]
[EventRounds "9"]
[EventCountry "USA"]

1. e4 d6 2. d4 Nf6 3. Nc3 g6 4. f4 Bg7 5. Nf3 c5 6. Bb5+ Bd7 7. e5 Ng4 8. Bxd7+
Qxd7 9. h3 cxd4 10. Qxd4 Nh6 11. Qf2 Nc6 12. Bd2 dxe5 13. fxe5 O-O-O 14. O-O-O
Qe6 15. Rhe1 f6 16. exf6 Qxf6 17. Qc5 Qf5 18. Qc4 e5 19. Be3 Kb8 20. Rxd8+ Rxd8
21. Ng5 Nd4 22. Nge4 Qd7 23. g4 Rc8 24. Qd3 Qc6 25. Kb1 Nf7 26. Rf1 Nd8 27. a3
N8e6 28. Rf7 Rc7 29. Qf1 a6 30. Rxc7 Qxc7 31. Qf2 Nf4 32. Bxf4 exf4 33. Nd5 Qe5
34. Qxf4 Qxf4 35. Nxf4 Be5 36. Nd3 Bg7 37. c3 Nf3 38. Kc2 b6 39. Kd1 a5 40. a4
Kc7 41. Ke2 Ne5 42. Ng5 Kd6 43. Nxh7 Nd7 44. Ng5 Kd5 45. Nf3 Bf6 46. Nf4+ Kd6
47. g5 Bd8 48. Nxg6 Nc5 49. h4 Ke6 50. Nd4+ Kd5 51. Nf4+ Kc4 52. Nfe6 Be7 53.
Nxc5 bxc5 54. Nf5 Bd8 55. g6 Bf6 56. h5 Kb3 57. h6 1-0

[Event "13th Foxwoods Open"]
[Site "Mashantucket, CT"]
[Date "2019.04.19"]
[Round "5"]
[White "Tomb, Maroun"]
[Black "Yanayt, Eugene"]
[Result "0-1"]
[WhiteElo "2150"]
[BlackElo "2268"]
[PlyCount "64"]
[EventDate "2019.04.??"]
[EventType "swiss"]
[EventRounds "9"]
[EventCountry "USA"]

1. e4 c5 2. Ne2 Nf6 3. Nbc3 d6 4. g3 b5 5. Bg2 Bb7 6. O-O Nbd7 7. d4 b4 8. Nd5
e6 9. Nxf6+ Nxf6 10. d5 exd5 11. exd5 Be7 12. Nf4 O-O 13. g4 Nd7 14. Nh5 g6 15.
Ng3 Nb6 16. Bh6 Re8 17. c3 bxc3 18. bxc3 Bg5 19. Bxg5 Qxg5 20. f4 Qe7 21. Kh1
Nc4 22. Qd3 Nb6 23. Qd1 Rab8 24. g5 Ba6 25. Rf2 Bc4 26. a4 a5 27. h4 f5 28. Kh2
Qf7 29. Rb1 Nxd5 30. Rxb8 Rxb8 31. Bxd5 Qxd5 32. Rd2 Rb2 0-1

[Event "13th Foxwoods Open"]
[Site "Mashantucket, CT"]
[Date "2019.04.19"]
[Round "5"]
[White "Dominguez, Jose Manuel"]
[Black "Raj Shanmugasundara"]
[Result "0-1"]
[WhiteElo "2266"]
[BlackElo "2143"]
[PlyCount "66"]
[EventDate "2019.04.??"]
[EventType "swiss"]
[EventRounds "9"]
[EventCountry "USA"]

1. e4 c5 2. Nf3 e6 3. d3 Nc6 4. Nbd2 d5 5. Be2 Nf6 6. O-O Be7 7. Re1 O-O 8. Bf1
dxe4 9. dxe4 e5 10. c3 h6 11. Qc2 Be6 12. Nc4 Qc7 13. Ne3 Rfe8 14. h3 Bf8 15.
g4 g6 16. g5 Nh5 17. gxh6 Nf4 18. Ng5 Bxh6 19. Nxe6 Rxe6 20. Bc4 Ree8 21. Ng4
Nxh3+ 22. Kh2 Bxc1 23. Qxc1 Nf4 24. Nf6+ Kg7 25. Nxe8+ Rxe8 26. Kg3 Qe7 27. Rh1
f5 28. exf5 Qg5+ 29. Kf3 e4+ 30. Ke3 Nd3+ 31. Ke2 Nxc1+ 32. Raxc1 Qxf5 33. Rcg1
Ne5 0-1

[Event "13th Foxwoods Open"]
[Site "Mashantucket, CT"]
[Date "2019.04.19"]
[Round "5"]
[White "Rosell, John"]
[Black "Cezila Jr, Rubens"]
[Result "0-1"]
[WhiteElo "1990"]
[BlackElo "2116"]
[PlyCount "62"]
[EventDate "2019.04.??"]
[EventType "swiss"]
[EventRounds "9"]
[EventCountry "USA"]

1. Nf3 Nf6 2. g3 b5 3. Bg2 Bb7 4. O-O e6 5. d3 Be7 6. e4 d6 7. Nbd2 O-O 8. Qe2
c5 9. d4 Nfd7 10. Re1 b4 11. e5 d5 12. c3 bxc3 13. bxc3 Ba6 14. Qe3 Nc6 15. Nb3
cxd4 16. Nbxd4 Na5 17. Qf4 Nc5 18. Qg4 Kh8 19. h4 h6 20. Qh5 Bd3 21. Bf1 Bg6
22. Qg4 Rc8 23. Kg2 Nc4 24. Be2 Qd7 25. h5 Bh7 26. Qh3 Ne4 27. g4 Qd8 28. Rg1
Nxc3 29. Kh2 Nxe2 30. Nxe2 f6 31. Bf4 fxe5 0-1

[Event "13th Foxwoods Open"]
[Site "Mashantucket, CT"]
[Date "2019.04.19"]
[Round "5"]
[White "Bragg, David"]
[Black "Harriott, Tyrell"]
[Result "1-0"]
[WhiteElo "2051"]
[BlackElo "2033"]
[PlyCount "123"]
[EventDate "2019.04.??"]
[EventType "swiss"]
[EventRounds "9"]
[EventCountry "USA"]

1. e4 d6 2. d4 Nf6 3. Nc3 Nbd7 4. Be3 e5 5. f3 c6 6. Qd2 Qa5 7. Nge2 b5 8. Nc1
b4 9. Nd1 d5 10. Nf2 Bd6 11. dxe5 Bxe5 12. Nb3 Qa4 13. Nd3 O-O 14. a3 c5 15.
axb4 Qc6 16. bxc5 dxe4 17. Nb4 Qe6 18. c6 exf3 19. cxd7 Bf4 20. Nd4 Qxd7 21.
Bxf4 Re8+ 22. Kd1 Ne4 23. Bb5 fxg2 24. Rg1 Qg4+ 25. Be2 Qg6 26. Qe3 Bb7 27. Kc1
a5 28. Nd3 Nc3 29. Qf2 Nxe2+ 30. Nxe2 Be4 31. Bd2 Rac8 32. Bc3 Qh6+ 33. Kb1
Qxh2 34. Qg3 Qh6 35. Rxa5 Rxc3 36. Nxc3 Qb6 37. Re1 Qxa5 38. Rxe4 Rf8 39. Qxg2
g6 40. Re5 Qa6 41. Nc5 Qc4 42. Qe2 Qd4 43. Qe3 Qd8 44. Re7 h5 45. Nd7 Qa8 46.
Nxf8 Kxf8 47. Qc5 Kg8 48. Qd5 Qf8 49. Qe5 Kh7 50. Re8 Qg7 51. Qxg7+ Kxg7 52. b4
h4 53. b5 h3 54. b6 h2 55. Re1 g5 56. b7 g4 57. b8=Q Kg6 58. Qf4 h1=Q 59. Rxh1
f6 60. Nd5 f5 61. Qh6+ Kf7 62. Qf6+ 1-0

[Event "13th Foxwoods Open"]
[Site "Mashantucket, CT"]
[Date "2019.04.20"]
[Round "6.2"]
[White "Gabuzyan, Hovhannes"]
[Black "Brodsky, David"]
[Result "1-0"]
[WhiteElo "2620"]
[BlackElo "2417"]
[PlyCount "107"]
[EventDate "2019.04.??"]
[EventType "swiss"]
[EventRounds "9"]
[EventCountry "USA"]

1. g3 Nf6 2. Bg2 e5 3. d3 d5 4. Nf3 Bd6 5. O-O O-O 6. Nc3 c6 7. e4 h6 8. Kh1
dxe4 9. Nxe4 Bc7 10. Qe2 Nd5 11. c4 Ne7 12. b4 Bg4 13. h3 Bxf3 14. Qxf3 Qc8 15.
Rb1 Nf5 16. Qg4 Nd6 17. Nc5 f5 18. Qh5 Nf7 19. Qg6 Re8 20. b5 Nh8 21. Qh5 Nd7
22. bxc6 bxc6 23. Be3 f4 24. Qg4 Nf6 25. Qxc8 Raxc8 26. Bd2 Bd6 27. Ne4 Nxe4
28. Bxe4 Nf7 29. h4 Re7 30. Rbe1 fxg3 31. fxg3 Bc5 32. Bc3 Bd4 33. Bb4 c5 34.
Bd2 Nd6 35. Bd5+ Kh7 36. h5 Ree8 37. Ba5 Rf8 38. Rxf8 Rxf8 39. Bc7 Nf5 40. Be4
Kh8 41. Kg2 Nxg3 42. Bg6 Nf5 43. Kh3 Ne3 44. Be4 Rf1 45. Rxf1 Nxf1 46. a4 Nd2
47. Kg4 Nxe4 48. dxe4 Kg8 49. Kf5 Kf7 50. Bxe5 Ke7 51. Bb8 a6 52. e5 Kd7 53.
Bd6 Bf2 54. Bf8 1-0

[Event "13th Foxwoods Open"]
[Site "Mashantucket, CT"]
[Date "2019.04.20"]
[Round "6.3"]
[White "Dragun, Kamil"]
[Black "Wang, Kevin"]
[Result "1-0"]
[WhiteElo "2585"]
[BlackElo "2416"]
[PlyCount "45"]
[EventDate "2019.04.??"]
[EventType "swiss"]
[EventRounds "9"]
[EventCountry "USA"]

1. e4 c6 2. d4 d5 3. e5 Bf5 4. Nf3 e6 5. Be2 c5 6. O-O Nc6 7. Nc3 a6 8. Be3
cxd4 9. Nxd4 Nge7 10. g4 Bg6 11. f4 Nxd4 12. Bxd4 Nc6 13. f5 exf5 14. gxf5 Qg5+
15. Kh1 Bxf5 16. Nxd5 Be4+ 17. Bf3 Bxf3+ 18. Qxf3 O-O-O 19. Bb6 Nxe5 20. Qh3+
Nd7 21. Rf5 Qd2 22. Bxd8 Kxd8 23. Nc3 1-0

[Event "13th Foxwoods Open"]
[Site "Mashantucket, CT"]
[Date "2019.04.20"]
[Round "6.4"]
[White "Burke, John M"]
[Black "Sarkar, Justin"]
[Result "1-0"]
[WhiteElo "2550"]
[BlackElo "2337"]
[PlyCount "65"]
[EventDate "2019.04.??"]
[EventType "swiss"]
[EventRounds "9"]
[EventCountry "USA"]

1. e4 e5 2. Nf3 Nc6 3. Bc4 Nf6 4. d3 h6 5. O-O d6 6. c3 g5 7. Nbd2 Bg7 8. Bb3
d5 9. Ba4 O-O 10. Bxc6 bxc6 11. Nxe5 dxe4 12. dxe4 Nxe4 13. Nxc6 Qd6 14. Nxe4
Qxc6 15. Ng3 Bb7 16. f3 Rad8 17. Qc2 Ba6 18. Re1 Rfe8 19. Be3 Bd3 20. Qf2 a6
21. f4 g4 22. f5 Rd5 23. Rad1 Ree5 24. Bf4 Rxe1+ 25. Rxe1 Qd7 26. Qe3 Kh7 27.
Qe7 Bxf5 28. Nxf5 Qxf5 29. Qxc7 Rd7 30. Qc6 Bf8 31. Be3 h5 32. Rf1 Qd3 33. Bd4
1-0

[Event "13th Foxwoods Open"]
[Site "Mashantucket, CT"]
[Date "2019.04.20"]
[Round "6"]
[White "Kambrath, Yannick"]
[Black "Zhou, Jianchao"]
[Result "1/2-1/2"]
[WhiteElo "2335"]
[BlackElo "2623"]
[PlyCount "71"]
[EventDate "2019.04.??"]
[EventType "swiss"]
[EventRounds "9"]
[EventCountry "USA"]

1. d4 Nf6 2. c4 e6 3. Nf3 a6 4. Nc3 d5 5. c5 Nc6 6. Bf4 Be7 7. h3 O-O 8. e3 b6
9. cxb6 cxb6 10. Bd3 Bb7 11. O-O Rc8 12. Rc1 b5 13. Qe2 Na5 14. Ne5 Nc4 15. Nb1
Nd7 16. Nxd7 Qxd7 17. b3 Nd6 18. Qb2 Ne4 19. Rxc8 Rxc8 20. Rc1 h5 21. a3 h4 22.
Rxc8+ Qxc8 23. Qc2 Qxc2 24. Bxc2 Kf8 25. Kf1 Ke8 26. Ke2 Kd7 27. Bd3 Bc6 28. f3
Nd6 29. Nc3 g5 30. Bh2 f5 31. a4 b4 32. Nd1 Nb7 33. Nf2 Na5 34. Bc2 Bb7 35. Nd3
Nc6 36. Ne5+ 1/2-1/2

[Event "13th Foxwoods Open"]
[Site "Mashantucket, CT"]
[Date "2019.04.20"]
[Round "6"]
[White "Vigorito, David"]
[Black "Vazquez, Guillermo"]
[Result "1/2-1/2"]
[WhiteElo "2330"]
[BlackElo "2489"]
[PlyCount "44"]
[EventDate "2019.04.??"]
[EventType "swiss"]
[EventRounds "9"]
[EventCountry "USA"]

1. c4 Nf6 2. Nf3 e6 3. g3 d5 4. d4 dxc4 5. Bg2 Nc6 6. Qa4 Bb4+ 7. Bd2 Nd5 8.
Bxb4 Ndxb4 9. O-O Rb8 10. Nc3 a6 11. Ne5 O-O 12. Nxc6 Nxc6 13. Bxc6 bxc6 14.
Qxc4 Qd6 15. b3 e5 16. dxe5 Qxe5 17. Rfd1 a5 18. Qd4 Qh5 19. Rac1 Be6 20. f3 c5
21. Qf4 c4 22. bxc4 Qc5+ 1/2-1/2

[Event "13th Foxwoods Open"]
[Site "Mashantucket, CT"]
[Date "2019.04.20"]
[Round "6"]
[White "Wang, Wesley"]
[Black "Niemann, Hans"]
[Result "0-1"]
[WhiteElo "2318"]
[BlackElo "2477"]
[PlyCount "42"]
[EventDate "2019.04.??"]
[EventType "swiss"]
[EventRounds "9"]
[EventCountry "USA"]

1. e4 e5 2. Nf3 Nc6 3. Bc4 Bc5 4. c3 Nf6 5. d3 d6 6. O-O a5 7. Bg5 h6 8. Bh4 g5
9. Bg3 O-O 10. Bb3 Bg4 11. h3 Bh5 12. Nbd2 Bg6 13. Nh4 gxh4 14. Bxh4 Kg7 15.
Qf3 Nb8 16. Nc4 Nbd7 17. Ne3 Qe8 18. Nf5+ Bxf5 19. Qxf5 a4 20. Bc4 Nh7 21. Rad1
Nb6 0-1

[Event "13th Foxwoods Open"]
[Site "Mashantucket, CT"]
[Date "2019.04.20"]
[Round "6"]
[White "Paul, Justin"]
[Black "Rohde, Michael"]
[Result "0-1"]
[WhiteElo "2210"]
[BlackElo "2358"]
[PlyCount "58"]
[EventDate "2019.04.??"]
[EventType "swiss"]
[EventRounds "9"]
[EventCountry "USA"]

1. e4 c5 2. Nf3 e6 3. d4 cxd4 4. Nxd4 Nc6 5. Nc3 Qc7 6. g3 a6 7. Bg2 d6 8. O-O
Be7 9. Nxc6 bxc6 10. Na4 Nf6 11. c4 Bb7 12. c5 d5 13. Qc2 O-O 14. Re1 e5 15. f4
Rad8 16. fxe5 Nxe4 17. Bxe4 dxe4 18. e6 Qe5 19. Bf4 Qd4+ 20. Kh1 Qd3 21. exf7+
Rxf7 22. Qxd3 exd3 23. Rad1 Bc8 24. b4 Bg4 25. Rd2 Bf3+ 26. Kg1 Bf6 27. Re6
Bd4+ 28. Be3 Bg4 29. Rxd3 Bh3 0-1

[Event "13th Foxwoods Open"]
[Site "Mashantucket, CT"]
[Date "2019.04.20"]
[Round "6"]
[White "Belous, Vladimir"]
[Black "Mishra, Abhimanyu"]
[Result "1-0"]
[WhiteElo "2520"]
[BlackElo "2251"]
[PlyCount "97"]
[EventDate "2019.04.??"]
[EventType "swiss"]
[EventRounds "9"]
[EventCountry "USA"]

1. c4 e6 2. e4 c5 3. Nc3 Nc6 4. Nf3 Nf6 5. Be2 d6 6. d4 cxd4 7. Nxd4 a6 8. O-O
Qc7 9. Be3 Be7 10. Rc1 Ne5 11. f4 Ned7 12. Bf3 O-O 13. g4 Ne8 14. g5 b6 15. Bg2
Bb7 16. f5 exf5 17. exf5 Bxg2 18. Kxg2 Rc8 19. Nd5 Qd8 20. f6 Nexf6 21. gxf6
Nxf6 22. Nf5 Nxd5 23. Qxd5 Bg5 24. Bxg5 Qxg5+ 25. Ng3 Qg6 26. Qf5 Rfd8 27. b3
Re8 28. Rce1 Re6 29. Rxe6 Qxe6 30. Re1 Qxf5 31. Nxf5 Rd8 32. Nxd6 Kf8 33. Rd1
g6 34. Rd2 f5 35. b4 Ke7 36. c5 bxc5 37. bxc5 Ke6 38. Kf3 g5 39. Ke3 f4+ 40.
Ke4 Rd7 41. Rd5 h6 42. Re5+ Kf6 43. Kd5 Kg6 44. c6 Rc7 45. Ne4 f3 46. Kd6 Rc8
47. c7 Rf8 48. Kd7 Rf7+ 49. Re7 1-0

[Event "13th Foxwoods Open"]
[Site "Mashantucket, CT"]
[Date "2019.04.20"]
[Round "6"]
[White "Finegold, Benjamin"]
[Black "Cervantes Landeiro, Thalia"]
[Result "1-0"]
[WhiteElo "2487"]
[BlackElo "2235"]
[PlyCount "95"]
[EventDate "2019.04.??"]
[EventType "swiss"]
[EventRounds "9"]
[EventCountry "USA"]

1. e4 e5 2. Nf3 Nc6 3. c4 Nf6 4. Nc3 Bc5 5. Nxe5 Nxe5 6. d4 Bb4 7. dxe5 Nxe4 8.
Qg4 Nxc3 9. Bd2 Bf8 10. Bxc3 d6 11. Qg3 dxe5 12. Bd3 Qe7 13. O-O-O g6 14. Bxe5
Bh6+ 15. Kb1 O-O 16. h4 Bg4 17. f3 Be6 18. h5 Qg5 19. hxg6 fxg6 20. Qh2 Rad8
21. f4 Qh5 22. Qxh5 gxh5 23. Rxh5 Bf5 24. Bxf5 Rxd1+ 25. Kc2 Rxf5 26. Rxf5 Rg1
27. Bxc7 Rxg2+ 28. Kc3 Rf2 29. Be5 a6 30. Kd3 Bf8 31. Ke4 Rd2 32. a3 h6 33. Bc3
Rd7 34. Rd5 Rc7 35. Kd3 Bg7 36. Be5 Bxe5 37. fxe5 Kf7 38. Rd6 Rc6 39. b4 h5 40.
c5 Ke7 41. Ke4 h4 42. Kf3 Rc8 43. Rh6 Rg8 44. Rxh4 Ke6 45. Ke4 Rg3 46. Rh6+ Kd7
47. Rb6 Kc7 48. a4 1-0

[Event "13th Foxwoods Open"]
[Site "Mashantucket, CT"]
[Date "2019.04.20"]
[Round "6"]
[White "Zhou, Liran"]
[Black "Ruiz Castillo, Joshua Daniel"]
[Result "0-1"]
[WhiteElo "2152"]
[BlackElo "2460"]
[PlyCount "116"]
[EventDate "2019.04.??"]
[EventType "swiss"]
[EventRounds "9"]
[EventCountry "USA"]

1. e4 e6 2. d4 d5 3. Nc3 Bb4 4. e5 b6 5. a3 Bf8 6. f4 Qd7 7. Nf3 Ne7 8. Bd3 Ba6
9. Bxa6 Nxa6 10. Qd3 Nb8 11. O-O h5 12. Nd1 Nbc6 13. Ne3 g6 14. Bd2 Bh6 15. Ng5
Bxg5 16. fxg5 Nf5 17. Nxf5 exf5 18. h4 Nd8 19. Be3 Ne6 20. Rad1 O-O 21. g3 Rfd8
22. Ra1 c5 23. c3 Qa4 24. Qd1 Qa6 25. Qd2 Rac8 26. Rfc1 cxd4 27. cxd4 Rxc1+ 28.
Rxc1 Rc8 29. Rxc8+ Qxc8 30. Kf2 Qc4 31. Kg2 Kf8 32. Kf2 Ke7 33. Qd1 Nd8 34. b3
Qc3 35. Qc1 Qxc1 36. Bxc1 Nc6 37. Ke3 Na5 38. b4 Nc4+ 39. Kd3 b5 40. Kc3 f4 41.
gxf4 Ke6 42. Kc2 Kf5 43. Kd3 a6 44. Kc2 Ke4 45. Kc3 Nb6 46. f5 Kxf5 47. Kd3 Nc4
48. Kc3 Ke4 49. Kb3 Kxd4 50. Bf4 Ke4 51. Bh2 Nxe5 52. Kc2 Nc4 53. Kb3 d4 54. a4
d3 55. axb5 axb5 56. Bg1 Kf3 57. Kc3 Ke2 58. Bd4 d2 0-1

[Event "13th Foxwoods Open"]
[Site "Mashantucket, CT"]
[Date "2019.04.20"]
[Round "6"]
[White "Katz, Alexander"]
[Black "Tanenbaum, Zachary"]
[Result "0-1"]
[WhiteElo "2444"]
[BlackElo "2102"]
[PlyCount "84"]
[EventDate "2019.04.??"]
[EventType "swiss"]
[EventRounds "9"]
[EventCountry "USA"]

1. d4 d5 2. c4 dxc4 3. e3 e5 4. Bxc4 exd4 5. exd4 Bd6 6. Nf3 Nf6 7. O-O O-O 8.
Nc3 Bg4 9. h3 Bh5 10. g4 Bg6 11. Ne5 c5 12. Nxg6 hxg6 13. d5 Re8 14. Bg5 Nbd7
15. Bb5 Be5 16. Re1 a6 17. Bf1 Qc7 18. Bg2 Bf4 19. Bxf4 Qxf4 20. Ne2 Qd6 21.
Qd3 Rad8 22. Nc3 b5 23. g5 Nh5 24. Ne4 Qf4 25. Rad1 Ne5 26. Qe3 c4 27. Nc5 Qh4
28. d6 Nf4 29. d7 Nxd7 30. Qxe8+ Rxe8 31. Rxe8+ Kh7 32. Ne4 Nd3 33. b3 N7c5 34.
Rf1 Nxe4 35. Rxe4 Qxg5 36. Rg4 Qc5 37. bxc4 bxc4 38. Be4 f5 39. Rh4+ Kg8 40.
Bxd3 cxd3 41. a3 a5 42. Rd1 g5 0-1

[Event "13th Foxwoods Open"]
[Site "Mashantucket, CT"]
[Date "2019.04.20"]
[Round "6"]
[White "Tian, Eddy"]
[Black "Mulyar, Michael"]
[Result "0-1"]
[WhiteElo "2094"]
[BlackElo "2385"]
[PlyCount "96"]
[EventDate "2019.04.??"]
[EventType "swiss"]
[EventRounds "9"]
[EventCountry "USA"]

1. e4 e5 2. Nf3 Nc6 3. Bb5 a6 4. Ba4 Nf6 5. Qe2 b5 6. Bb3 Be7 7. O-O O-O 8. c3
d5 9. d3 Bb7 10. Rd1 h6 11. Nbd2 Re8 12. Nf1 Bf8 13. Ne3 Na5 14. Bc2 c5 15. a3
d4 16. Nf5 Nc6 17. Bb3 Bc8 18. N3h4 Be6 19. Bxe6 Rxe6 20. g4 Nh7 21. Ng2 g6 22.
Ng3 Rd6 23. f4 dxc3 24. bxc3 c4 25. Ne1 Qd7 26. fxe5 cxd3 27. Nxd3 Nxe5 28. Bf4
Rxd3 29. Bxe5 Rxd1+ 30. Rxd1 Qe6 31. Bd4 Bxa3 32. e5 Bf8 33. Ne4 Rd8 34. Rf1
Re8 35. Qg2 Be7 36. h3 Rd8 37. Qg3 b4 38. Qe3 bxc3 39. Bxc3 Ng5 40. Nxg5 Bxg5
41. Qe4 Qb3 42. Rf3 Bh4 43. Qe3 Qc4 44. Bd2 Bg5 45. Qc3 Qe2 46. Qb3 Qxd2 47.
Qxf7+ Kh8 48. e6 Qe1+ 0-1

[Event "13th Foxwoods Open"]
[Site "Mashantucket, CT"]
[Date "2019.04.20"]
[Round "6"]
[White "Raj Shanmugasundara"]
[Black "Kim, Yoon-Young"]
[Result "0-1"]
[WhiteElo "2143"]
[BlackElo "2320"]
[PlyCount "134"]
[EventDate "2019.04.??"]
[EventType "swiss"]
[EventRounds "9"]
[EventCountry "USA"]

1. Nf3 d5 2. g3 c6 3. Bg2 Bf5 4. d3 e6 5. O-O h6 6. c4 Nf6 7. cxd5 exd5 8. Nbd2
Be7 9. Qb3 Qc7 10. Re1 Na6 11. Nf1 Nc5 12. Qc2 a5 13. Be3 Ne6 14. Nd4 Bg6 15.
Bh3 Nxd4 16. Bxd4 O-O 17. f4 Rad8 18. Rad1 Rfe8 19. a3 h5 20. f5 Bh7 21. Kh1
Nd7 22. e4 Bf6 23. Bg1 Ne5 24. Bg2 dxe4 25. dxe4 h4 26. b4 axb4 27. axb4 h3 28.
Bxh3 Nf3 29. Rxd8 Rxd8 30. Rb1 Nxg1 31. Kxg1 Qb6+ 32. Kh1 Rd4 33. b5 cxb5 34.
Bg2 g6 35. g4 Be5 36. Qe2 b4 37. Ne3 Qd8 38. Nf1 Qd6 39. Qb5 Qe7 40. h3 Bf4 41.
Re1 Kg7 42. Qe2 Qe5 43. Ne3 b3 44. Nd5 Rd2 45. f6+ Kh6 46. Qf1 Bg3 47. g5+ Qxg5
48. Ne3 Bxe1 49. Qxe1 Rxg2 50. Nxg2 b2 51. Ne3 b1=Q 52. Qxb1 Qxe3 53. Qb4 Qxh3+
54. Kg1 Qg3+ 55. Kf1 Qf3+ 56. Kg1 Qxf6 57. Qxb7 Kg7 58. Qd5 Qe6 59. Qd4+ f6 60.
Qa7+ Kh6 61. Qe3+ g5 62. e5 Qxe5 63. Qh3+ Kg6 64. Qd3+ Qf5 65. Qg3 Bg8 66. Qb8
Qg4+ 67. Kh1 Bd5+ 0-1

[Event "13th Foxwoods Open"]
[Site "Mashantucket, CT"]
[Date "2019.04.20"]
[Round "6"]
[White "Yanayt, Eugene"]
[Black "Arvind, C.J."]
[Result "1-0"]
[WhiteElo "2268"]
[BlackElo "2211"]
[PlyCount "61"]
[EventDate "2019.04.??"]
[EventType "swiss"]
[EventRounds "9"]
[EventCountry "USA"]

1. d4 Nf6 2. c4 e6 3. g3 d5 4. Bg2 Bb4+ 5. Nc3 O-O 6. Nf3 dxc4 7. O-O Nc6 8.
Qa4 Nd5 9. Qc2 Be7 10. Rd1 Rb8 11. e4 Ncb4 12. Qe2 Nxc3 13. bxc3 Nd3 14. Ne5
Nxe5 15. dxe5 Bd7 16. a4 c5 17. Qg4 Kh8 18. f4 Qc7 19. f5 Rbd8 20. Bf4 Qc8 21.
f6 gxf6 22. Qh4 Rfe8 23. exf6 Bf8 24. Qh5 e5 25. Rxd7 Qxd7 26. Bh3 Qxh3 27.
Qxh3 exf4 28. Re1 fxg3 29. hxg3 Re6 30. e5 Bd6 31. Rd1 1-0

[Event "13th Foxwoods Open"]
[Site "Mashantucket, CT"]
[Date "2019.04.20"]
[Round "6"]
[White "Wang, Qibiao"]
[Black "Colding, Ernest"]
[Result "1-0"]
[WhiteElo "2240"]
[BlackElo "2074"]
[PlyCount "74"]
[EventDate "2019.04.??"]
[EventType "swiss"]
[EventRounds "9"]
[EventCountry "USA"]

1. d4 Nf6 2. Nf3 d6 3. g3 Nbd7 4. Bg2 e5 5. O-O g6 6. dxe5 dxe5 7. b3 Bg7 8.
Ba3 c5 9. Nfd2 Rb8 10. Nc3 O-O 11. Bb2 Qe7 12. Nc4 b5 13. Na5 Qe6 14. a4 a6 15.
Qd2 Rb6 16. Rfd1 e4 17. Nd5 e3 18. Nxe3 Ne4 19. Bxe4 Bxb2 20. Rab1 Bd4 21. Bd5
Qf6 22. Ng4 Qd6 23. c3 Qxd5 24. cxd4 cxd4 25. axb5 Rxb5 26. b4 h5 27. Ne3 Qe6
28. Qxd4 Nf6 29. Rbc1 Qb6 30. Qf4 Rxb4 31. Nac4 Qe6 32. Rd6 Nd5 33. Nxd5 Rxc4
34. Rxc4 Qxe2 35. Nf6+ Kg7 36. Re4 Qb2 37. Nxh5+ gxh5 1-0

[Event "13th Foxwoods Open"]
[Site "Mashantucket, CT"]
[Date "2019.04.20"]
[Round "6"]
[White "Samadashvili, Martha"]
[Black "Chasin, Nico"]
[Result "1-0"]
[WhiteElo "2089"]
[BlackElo "2208"]
[PlyCount "52"]
[EventDate "2019.04.??"]
[EventType "swiss"]
[EventRounds "9"]
[EventCountry "USA"]

1. e4 c5 2. Nf3 e6 3. g3 Nc6 4. Bg2 Qc7 5. O-O a6 6. c3 Nf6 7. Re1 d5 8. exd5
Nxd5 9. d4 cxd4 10. Nxd4 Be7 11. Nxc6 bxc6 12. c4 Nf6 13. Bf4 Qb6 14. Nc3 Bb7
15. Na4 Qa5 16. Re5 Qd8 17. Qb3 Qb8 18. Rxe6 Qc8 19. Rxe7+ Kxe7 20. Qb4+ c5 21.
Nxc5 Bxg2 22. Nb7+ Ke6 23. Re1+ Ne4 24. Rxe4+ Bxe4 25. Qd6+ Kf5 26. Qe5+ Kg4
1-0